| 000 | 00341nam a2200097Ia 4500 | ||
|---|---|---|---|
| 082 | _a300.021|NUMB | ||
| 245 | 0 | _aNumbers, hypotheses & conclusions : a course in statistics for the social sciences | |
| 100 |
_a Tredoux, Colin Cape Town, South Africa, 2013 2nd. ed. _969716 |
||
| 942 | _cBK | ||
| 008 | 210817s9999 xx 000 0 und d | ||
| 999 |
_c225383 _d225382 |
||